Reading Coleridge : approaches and applications /

Bibliographic Details
Other Authors: Crawford, Walter Byron
Format: Book
Language:English
Published: Ithaca : Cornell University Press, 1979.
Subjects:

MARC

Tag First Indicator Second Indicator Subfields
LEADER 00000pam a2200000 i 4500
001 in00000095046
005 20150927110628.0
008 790511s1979 nyuc b 01100 eng
010 |a  79007616  
020 |a 0801412196 
035 |a (OCoLC)05051685 
035 |9 AAL6926AM 
040 |a DLC  |c DLC  |d TXA  |d UtOrBLW 
049 |a TXAM  |c [1191392] 
050 0 0 |a PR4484  |b .R4 
082 0 |a 821/.7 
245 0 0 |a Reading Coleridge :  |b approaches and applications /  |c edited by Walter B. Crawford. 
264 1 |a Ithaca :  |b Cornell University Press,  |c 1979. 
300 |a 288 pages :  |b portrait ;  |c 23 cm. 
336 |a text  |b txt  |2 rdacontent 
337 |a unmediated  |b n  |2 rdamedia 
338 |a volume  |b nc  |2 rdacarrier 
504 |a "A bibliography of Earl Leslie Griggs": pages 275-278. 
504 |a Includes bibliographical references and index. 
600 1 0 |a Coleridge, Samuel Taylor,  |d 1772-1834  |x Criticism and interpretation. 
600 1 0 |a Griggs, Earl Leslie. 
700 1 |a Crawford, Walter Byron. 
999 |a MARS 
999 f f |s 592553fd-6c48-345f-953e-85d9fa5cfaf5  |i 3f40f6e6-5004-374a-b221-397b5a7d8e5b  |t 0 
952 f f |p normal  |a Texas A&M University  |b College Station  |c Sterling C. Evans Library  |d Evans: Library Stacks  |t 0  |e PR4484 .R4  |h Library of Congress classification  |i unmediated -- volume  |m A14803950243 
998 f f |a PR4484 .R4  |t 0  |l Evans: Library Stacks